| 000 | 01274nam a2200349 a 4500 | ||
|---|---|---|---|
| 001 | vtls001283558 | ||
| 003 | NLI | ||
| 005 | 20210627040936.0 | ||
| 008 | 120417 2008 enka g 001 0ceng d | ||
| 020 |
_a9780199217014 _c£ 70.00 |
||
| 039 | 9 |
_y201204171654 _ztarapadan |
|
| 040 |
_aNLI _beng |
||
| 041 | _aeng | ||
| 044 | _aenk | ||
| 082 | 0 | 4 |
_a942.050722 _222 |
| 245 | 0 | 0 |
_aWriting lives : _bbiography and textuality, identity and representation in early modern England / _c[edited by] Kevin Sharpe and Steven N. Zwicker |
| 260 |
_aOxford: _bThe University Press, _c2008 |
||
| 300 |
_axii, 369 p. : _bill. ; _c23 cm. |
||
| 504 | _aIncludes bibliographical references and index | ||
| 650 | 0 |
_aRenaissance _xBiography _xHistory and criticism _9680871 |
|
| 651 | 0 |
_aEngland _vBiography _xHistory and criticism _9680872 |
|
| 700 | 1 |
_aSharpe, Kevin, _4edt _9680873 |
|
| 700 | 1 |
_aZwicker, Steven N., _4edt _9680874 |
|
| 887 | _aTarapada Naskar | ||
| 901 |
_a566926 : _b03.2.2012 |
||
| 902 | _aE 942.050722 W 939 | ||
| 904 | _aTarapada Naskar | ||
| 949 |
_AVIRTUAITEM _D10012 _X100 _6PUR000566926ENG |
||
| 942 |
_2ddc _cBKS |
||
| 999 |
_aVIRTUA40 _c558917 _d558917 |
||
| 999 | _aVTLSSORT0080*0200*0400*0410*0440*0820*2450*2600*3000*5040*6500*6510*7000*7001*8520*9010*9020*9040*9992 | ||